=LDR 00000nam 2200000 4500 =001 INLIS000000000041683 =005 20200528072049 =035 ##$$a 0010-061300000041683 =008 200528################g##########0#ind## =041 ##$$a Ind =082 ##$$a 2x4.318 =090 ##$$a 2 x 4.318, Bas a.1 =100 1#$$a Basir, Abu Umar =245 1#$$a Aku, Wanita Yang Di Poligami, /$c Abu Umar Basyir =260 ##$:$b Fatamedia,$c 2010 =300 ##$$a 191 hlm, ; $c 13x18 cm =850 ##$$a NBPNMAT =020 ##$$a 979-18415-4-2 =084 ##$$a 2x4.318 BAS a =250 ##$$a cet.1 =650 #4$$a Poligami =990 ##$$a 00087004 =990 ##$$a 00087004